000 00752nam a2200277Ia 4500
008 170711s9999 xx 000 0 und d
020 _a345360168
050 _a236.2
050 _bA887 1989
100 _aAtwater, P.M.H.
245 _aComing back to life :
245 _bthe after-effects of the near-death experience /
245 _cby P.M.H. Atwater.
260 _aUSA :
260 _bParanormal New Age,
260 _c1987
300 _axix, 262 pages :
300 _billustrations ;
300 _c17cm.
500 _aIncludes notes and index.
650 _aDifferential and development psychology.
650 _aEschatology.
650 _aNear-death experiences --
650 _xPsychological aspects.
700 _aTitle.
999 _c339944
_d339944